Normal view
MARC view
- Ford, A. Lewis
Entry Personal Name
001 - CONTROL NUMBER
- control field: 18006
003 - CONTROL NUMBER IDENTIFIER
- control field: NUST
005 - DATE AND TIME OF LATEST TRANSACTION
- control field: 20190718063507.0
008 - FIXED-LENGTH DATA ELEMENTS
- fixed length control field: 190718|| aca||aabn | a|a d
040 ## - CATALOGING SOURCE
- Original cataloging agency: NUST
- Transcribing agency: NUST
100 ## - HEADING--PERSONAL NAME
- Personal name: Ford, A. Lewis
- Fuller form of name: (Albert Lewis),
- Relator term: editor.
670 ## - SOURCE DATA FOUND
- Source citation: Work cat.: (NUST)0: Young, Hugh D., author. 3959, Sears & Zemansky's University physics.
